000 00731cam a22002531 4500
001 med47000534
003 DLC
005 20260227111559.0
008 820128s1940 xx 000 0 fre
010 _amed47000534
035 _a(OCoLC)14746696
040 _aDLC
_cDNLM
_dDLC
042 _apremarc
050 0 0 _aR520.M3
_bA462
060 0 _aWZ 100
_bM234t 1940
100 1 _aMajocchi, Andrea.
245 1 0 _aAu service du bistouri,
_ctraduit par A. Mastrangelo.
260 _aGenève,
_bJ.-H. Jeheber, s. a.
_c[1940]
300 _a3 p. l., [9]-239, [1] p.
500 _aAt head of title: A. Majocchi.
500 _aColophon dated 1944.
500 _aTranslation of Tra bistori e forbici.
700 1 _aMastrangelo, Aida.
999 _c38109
_d38109